Dualidade onda - partícula (Record no. 142474)

MARC details
000 -LÍDER
campo de controle de tamanho fixo 00868 a2200181 4500
001 - NÚMERO DE CONTROLE
campo de controle 142474
040 ## - FONTE DA CATALOGAÇÃO
Instituição que transcreveu o registro Leonardo Da Vinci
041 ## - CÓDIGO DE IDIOMA
Código do idioma do texto/trilha sonora ou título diferente Português
082 ## - CDD - CLASSIFICAÇÃO DECIMAL DE DEWEY
Número de Classificação v216
100 ## - ENTRADA PRINCIPAL--NOME PESSOAL
Nome pessoal EDUCACIONAL SHOP VIDEO
245 ## - TÍTULO
Título Dualidade onda - partícula
Restante do título o que é luz? ajude os alunos a entender a velha teoria e a nova
250 ## - EDIÇÃO
Edição v.1-2
260 ## - PUBLICAÇÃO, DISTRIBUIÇÃO, ETC.
Nome do editor, distribuidor, etc. ESV
Local de publicação, distribuição, etc. São Paulo
490 ## - TÍTULO DA SÉRIE
Título da série TV Ontario
520 ## - NOTA DE RESUMO, ETC
Resumo, etc. A dualidade da partícula ondulatória traça a evolução das várias<br/>teorias avançadas para explicar o comportamento da luz. As contibuições<br/>de Isaac Newton, Christian Huygens, Thomas Young, Jean Foucaut, James<br/>Maxwell,Mac Planck, Albert Einstein, Arthur Compton, Geoffrey Taylor e<br/>Louis de Broglie são ressaltadas
697 ## - ENTRADA DE ASSUNTO LOCAL--ENTIDADE COLETIVA (RLIN)
Nome corporativo ou nome da jurisdição Física
-- Modelo de Onda
-- Modelo de Partícula
-- Modelo Eletromagnético
-- Quantum
-- Fótons
-- Ondas de Matéria
942 ## - ELEMENTOS DE ENTRADA ADICIONADOS (KOHA)
Tipo de material Koha Materiais visuais
Holdings
Situação do descarte Situação das perdas Situação física Não pode ser emprestado Biblioteca de origem Biblioteca atual Data de aquisição Total de empréstimos Número de chamada completo Código de barras Data de último acesso Data do preço efetivo Tipo de material Koha
        Leonardo Da Vinci - Alphaville 1 Leonardo Da Vinci - Alphaville 1 27/03/2024   v216 A0222LVA 27/03/2024 27/03/2024 Materiais visuais